000 00863nam a2200229 a 4500
001 000000411
005 20200929145335.0
008 081127s2008 dr ac 000 0 spa d
020 _a9789945408188
020 _a9945408186
040 _aDO-SdBNP
_bspa
_cBNPHU
082 _a369.43
_bT693m
100 1 _aTorres, Roberto,
_d1961-
_91378
245 1 0 _aMovimiento Scout :
_bSan José de las Matas 1952-2005 /
_cRoberto Torres.
260 _aSanto Domingo :
_bArgos,
_c2008.
300 _a142 p. :
_bil., retrs. ;
_c23 cm.
500 _aIncluye datos biográficos del autor
505 2 _tIntroducción --
_tPrefacio --
_tPresentación --
_tRamón Máximo Espinal --
_tMembresía --
_tHistoria --
_tMis memorias --
_tMemorias del grupo scout --
_tAnécdotas.
590 _aInventariado, 2018/LP
650 4 _aBoy scouts
_91379
650 4 _aMuchachos
_xSociedades y clubes
_91380
999 _c409
_d409